Pays Europe Indicatif Tel - Statistiques

Statistiques générales
  • Ce quiz a été pris 10 fois
  • Le résultat moyen est 4 sur 47
Statistiques - réponses
Indicatif Pays % Correct
+33 France
88%
+32 Belgique
75%
+34 Espagne
50%
+31 Pays Bas
50%
+30 Grèce
38%
+39 Italie
25%
+41 Suisse
25%
+45 Danemark
13%
+350 Gibraltar
13%
+36 Hongrie
13%
+353 Irlande
13%
+351 Portugal
13%
+358 Suède
13%
+355 Albanie
0%
+49 Allemagne
0%
+376 Andorre
0%
+374 Arménie
0%
+43 Autriche
0%
+375 Biélorussie
0%
+387 Bosnie
0%
+359 Bulgarie
0%
+357 Chypre
0%
+385 Croatie
0%
+372 Estonie
0%
+354 Islande
0%
+383 Kosovo
0%
+371 Lettonie
0%
+423 Liechtenstein
0%
+370 Lithuanie
0%
+352 Luxembourg
0%
+389 Macédoine du Nord
0%
+356 Malte
0%
+373 Moldavie
0%
+377 Monaco
0%
+382 Monténégro
0%
+47 Norvège
0%
+48 Pologne
0%
+420 République Tchèque
0%
+40 Roumanie
0%
+44 Royaume Uni
0%
+378 Saint Marin
0%
+381 Serbie
0%
+421 Slovaquie
0%
+386 Slovénie
0%
+46 Suède
0%
+380 Ukraine
0%
+379 Vatican
0%
Aucun quiz correspondant
Distribution des résultats
% des personnes avec chaque résultat
Percentile par nombre de réponses
Votre historique - résultats
Vous n’avez pas pris ce quiz